North America Map Quiz - Statistics

General Stats
  • This quiz has been taken 248,927 times
  • The average score is 14 of 23
Answers on the Map
Answers color-coded by a green-red scale on the quiz's map according to % correct below.
 
Answer Stats
Answer % Correct
Canada
97%
United States
97%
Mexico
96%
Panama
81%
Cuba
79%
Bahamas
75%
Dominican
Republic
71%
Haiti
71%
Jamaica
70%
El Salvador
69%
Belize
68%
Costa Rica
68%
Guatemala
68%
Nicaragua
66%
Honduras
63%
Trinidad and
Tobago
57%
Antigua and
Barbuda
37%
Barbados
37%
Grenada
34%
Saint Vincent and
the Grenadines
34%
Dominica
33%
Saint Lucia
33%
Saint Kitts
and Nevis
29%
No matching quizzes found
Score Distribution
Percent of People with Each Score
Percentile by Number Answered
Your Score History
You have not taken this quiz